Личные мотивы. Т. 2 (Запись № 10772594)

Подробности
000 -МАРКЕР
контрольное поле 00964nam2a2200229 4500
001 - ИДЕНТИФИКАТОР ЗАПИСИ
контрольное поле RU\NLR\BIBL_A\010358933
005 - ИДЕНТИФИКАТОР ВЕРСИИ
контрольное поле 20250614042624.0
010 ## - МЕЖДУНАРОДНЫЙ СТАНДАРТНЫЙ НОМЕР КНИГИ (ISBN)
Номер (ISBN) 978-5-699-65486-4
021 ## - НОМЕР ГОСУДАРСТВЕННОЙ РЕГИСТРАЦИИ
Код страны Российская Федерация
Номер 2014-21339
Номер Листа государственной регистраци 1325
035 ## - ДРУГИЕ СИСТЕМНЫЕ НОМЕРА
Идентификатор записи (NLR Aleph) 010358933
100 ## - ДАННЫЕ ОБЩЕЙ ОБРАБОТКИ
Данные общей обработки 20140519d2014 |||y0rusy50 ca
101 0# - ЯЗЫК РЕСУРСА
Язык текста, звукозаписи и т.д. русский
102 ## - СТРАНА ПУБЛИКАЦИИ ИЛИ ПРОИЗВОДСТВА
Страна публикации Российская Федерация
105 ## - ПОЛЕ КОДИРОВАННЫХ ДАННЫХ: ТЕКСТОВЫЕ МАТЕРИАЛЫ, МОНОГРАФИЧЕСКИЕ
Кодированные данные о монографическом текстовом документе y|||z|||000ay
200 0# - ЗАГЛАВИЕ И СВЕДЕНИЯ ОБ ОТВЕТСТВЕННОСТИ
Основное заглавие Т. 2
215 ## - ФИЗИЧЕСКАЯ ХАРАКТЕРИСТИКА
Специфическое обозначение материала и объем 317, [1] с.
461 #1 - УРОВЕНЬ НАБОРА
Встроенное поле 001RU\NLR\BIBL_A\010387499
-- 2000#$aЛичные мотивы$e[роман$eв 2 т.]$fАлександра Маринина$vТ. 2
-- 700#1$aМаринина$bА.Б.$gАлександра Борисовна$f1957-$3RU\NLR\AUTH\77515
Системный номер (АБИС) связанной записи 9661129
Автор Маринина, А. Б. (1957-)
Место публикации Москва
Дата публикации 2014
Первые сведения об ответственности Александра Маринина
Имя издателя, распространителя и т.д. Эксмо
Сведения, относящиеся к заглавию [роман : в 2 т.]
Заглавие Личные мотивы
Номер тома Т. 2
942 ## - ДОПОЛНИТЕЛЬНЫЕ ЭЛЕМЕНТЫ ЗАПИСИ (АБИС)
Тип экземпляра АБИС Книга
980 ## - КОЛЛЕКЦИЯ
Название коллекции Национальная библиография
Экземпляры
Тип экземпляра Дата поступления Источник поступления Библиотека постоянного хранения Библиотека текущего хранения Место хранения Шифр хранения Штрих-код Статус экземпляра Стоимость
Книга 20.05.2014 Обязательный экземпляр РНБ (Московский) РНБ (Московский) Русский книжный фонд: издания с 1957 года 2014-2/1626 1-484932    
Книга 20.05.2014 Обязательный экземпляр РНБ (Московский) РНБ (Московский) Обменный фонд   1-484928   50.00